000 00740cam a2200193 i 4500
008 201030s2022 enka b 001 0 eng
020 _a9780128230435
050 0 0 _aQA276.12
_b.F75 2022
100 1 _aFreund, Rudolf J.
245 1 0 _aStatistical methods /
_cDonna L. Mohr (University of North Florida, Emeritus), William J. Wilson (University of North Florida, Emeritus), Rudolf J. Freund.
250 _aFourth edition.
260 _aUK
_bAcademic Press
_c2022
300 _axxi, 754 pages :
_billustrations ;
500 _aRevised edition of: Statistical methods / Rudolf J. Freund, William J. Wilson, Donna L. Mohr. 3rd ed. c2010.
650 0 _aStatistics.
700 1 _aWilson, William J.,
700 1 _aMohr, Donna L.,
942 _cBK
999 _c3299
_d3299